| 000 | 00535nam a22001817a 4500 | ||
|---|---|---|---|
| 999 |
_c8612 _d8612 |
||
| 003 | AR-CdUCM | ||
| 008 | 190325b ||||| |||| 00| 0 spa d | ||
| 040 |
_aMUNICIPALIDAD PROVINCIAL DEL CUSCO _cBIBLIOTECA MUNICIPAL DEL CUSCO |
||
| 082 |
_a869.56 / _bR84 |
||
| 100 |
_aRosas Paravicino, Enrique _9417 |
||
| 245 | _aEl gran señor / | ||
| 260 |
_aCusco : _bMunicipalidad del Qosqo, _c1994. |
||
| 300 |
_a250 páginas ; _c20.5 cm. |
||
| 650 |
_aLiteratura peruana _9169 |
||
| 650 |
_aSiglo XX _98 |
||
| 942 |
_2ddc _cLIBROS |
||
| 945 | _aafb | ||